Computer law : (Record no. 3360)
[ view plain ]
| 000 -LEADER | |
|---|---|
| fixed length control field | 01164cam a22002892 4500 |
| 001 - CONTROL NUMBER | |
| control field | 0000009078 |
| 005 - DATE AND TIME OF LATEST TRANSACTION | |
| control field | 20151217145845.0 |
| 008 - FIXED-LENGTH DATA ELEMENTS--GENERAL INFORMATION | |
| fixed length control field | 080824s xx 000 0 eng d |
| 020 ## - INTERNATIONAL STANDARD BOOK NUMBER | |
| International Standard Book Number | 0199205967 : |
| Terms of availability | KES 5180 |
| 040 ## - CATALOGING SOURCE | |
| Original cataloging agency | KABU |
| Transcribing agency | KABU |
| 245 10 - TITLE STATEMENT | |
| Title | Computer law : |
| Remainder of title | the law and regulation of information technology / |
| Statement of responsibility, etc. | ed. by Chris Reed and John Angel. |
| 250 ## - EDITION STATEMENT | |
| Edition statement | 6th ed. |
| 260 ## - PUBLICATION, DISTRIBUTION, ETC. (IMPRINT) | |
| Place of publication, distribution, etc. | Oxford : |
| Name of publisher, distributor, etc. | O. U. P., |
| Date of publication, distribution, etc. | 2007. |
| 300 ## - PHYSICAL DESCRIPTION | |
| Extent | lxiii, 610 p. |
| 650 #0 - SUBJECT ADDED ENTRY--TOPICAL TERM | |
| Topical term or geographic name as entry element | Computers |
| General subdivision | Law and legislation |
| Geographic subdivision | Great Britain. |
| -- | 0000160044 |
| 700 1# - ADDED ENTRY--PERSONAL NAME | |
| Personal name | Angel, John. |
| -- | 0000160045 |
| 700 1# - ADDED ENTRY--PERSONAL NAME | |
| Personal name | Reed, Chris. |
| -- | 0000178410 |
| 852 1# - LOCATION | |
| -- | p7200 KES |
| 852 1# - LOCATION | |
| -- | p7200 KES |
| 852 1# - LOCATION | |
| -- | p7200 KES |
| 852 1# - LOCATION | |
| -- | p5583 KES |
| 852 1# - LOCATION | |
| -- | p5583 KES |
| 852 1# - LOCATION | |
| -- | p7200 KES |
| 908 ## - PUT COMMAND PARAMETER (RLIN) | |
| Put command parameter | 080824 |
| 950 ## - LOCAL HOLDINGS (RLIN) | |
| -- | 1 |
| Withdrawn status | Lost status | Source of classification or shelving scheme | Not for loan | Home library | Current library | Date acquired | Total Checkouts | Total Renewals | Full call number | Barcode | Date last seen | Date last checked out | Price effective from | Koha item type |
|---|---|---|---|---|---|---|---|---|---|---|---|---|---|---|
| Library of Congress Classification | Kabarak, Main Campus | Kabarak, Main Campus | 17/12/2015 | 2 | 1 | KD667 .C65C66 2007 c. 5 | 19532 | 11/12/2017 | 25/07/2017 | 17/12/2015 | General Collection | |||
| Library of Congress Classification | Kabarak, Main Campus | Kabarak, Main Campus | 17/12/2015 | 1 | KD667 .C65C66 2007 c. 7 | 19534 | 13/12/2019 | 06/12/2019 | 17/12/2015 | General Collection | ||||
| Library of Congress Classification | Kabarak, Main Campus | Kabarak, Main Campus | 17/12/2015 | KD667 .C65C66 2007 c. 8 | 19535 | 17/12/2015 | 17/12/2015 | General Collection | ||||||
| Library of Congress Classification | Kabarak, Main Campus | Kabarak, Main Campus | 17/12/2015 | 1 | KD667 .C65C66 2007 c. 3 | 24071 | 17/10/2018 | 01/10/2018 | 17/12/2015 | General Collection | ||||
| Library of Congress Classification | Kabarak, Main Campus | Kabarak, Main Campus | 17/12/2015 | KD667 .C65C66 2007 c. 4 | 24072 | 17/12/2015 | 17/12/2015 | General Collection | ||||||
| Library of Congress Classification | Kabarak, Main Campus | Kabarak, Main Campus | 17/12/2015 | KD667 .C65C66 2007 c. 6 | 19533 | 17/12/2015 | 17/12/2015 | General Collection | ||||||
| Library of Congress Classification | Kabarak, Main Campus | Kabarak, Main Campus | 17/12/2015 | KD667 .C65C66 2007 c. 1 | 012455 | 17/12/2015 | 17/12/2015 | General Collection | ||||||
| Library of Congress Classification | Kabarak, Main Campus | Kabarak, Main Campus | 17/12/2015 | 1 | KD667 .C65C66 2007 c. 2 | 012456 | 31/10/2024 | 20/09/2024 | 17/12/2015 | General Collection | ||||
| Library of Congress Classification | Kabarak, Main Campus | Kabarak, Main Campus | 17/12/2015 | 1 | KD667 .C65C66 2007 c. 9 | 19536 | 08/06/2016 | 23/05/2016 | 17/12/2015 | General Collection |